<?xml version="1.0" encoding="UTF-8"?>
<collection xmlns="http://www.loc.gov/MARC21/slim">
 <record>
  <leader>01341nam a2200181Ia 4500</leader>
  <controlfield tag="001">TDMU_30764</controlfield>
  <controlfield tag="008">210410s9999    xx            000 0 und d</controlfield>
  <datafield tag="082" ind1=" " ind2=" ">
   <subfield code="a">315.9774</subfield>
  </datafield>
  <datafield tag="100" ind1=" " ind2=" ">
   <subfield code="a">Nguyễn, Văn Nghĩa</subfield>
  </datafield>
  <datafield tag="245" ind1=" " ind2="0">
   <subfield code="a">Sự phát triển ngành giáo dục - đào tạo tỉnh Bình Dương (1975-2003)</subfield>
  </datafield>
  <datafield tag="245" ind1=" " ind2="0">
   <subfield code="c">Nguyễn Văn Nghĩa; TS. Trần Thị Mai</subfield>
  </datafield>
  <datafield tag="260" ind1=" " ind2=" ">
   <subfield code="a">Tp. Hồ Chí Minh</subfield>
  </datafield>
  <datafield tag="260" ind1=" " ind2=" ">
   <subfield code="c">2004</subfield>
  </datafield>
  <datafield tag="300" ind1=" " ind2=" ">
   <subfield code="a">162tr</subfield>
  </datafield>
  <datafield tag="520" ind1=" " ind2=" ">
   <subfield code="a">Chuyên ngành: Lịch sử Việt Nam; Mã số: 5.03.15; Gồm có 3 chương. Chương 1. Khái quát về tự nhiên, xã hội và giáo dục của tỉnh Bình Dương. Chương 2. Sự phát triển hệ thống giáo dục quốc dân ở Bình Dương (1975-2003). Chương 3. Thành tựu, hạn chế và khuyến nghị; Luận văn Thạc sĩ Khoa học Lịch sử - Trường Đại học Khoa học Xã hội và Nhân văn thành phố Hồ Chí Minh</subfield>
  </datafield>
  <datafield tag="650" ind1=" " ind2=" ">
   <subfield code="a">Giáo dục</subfield>
   <subfield code="z">Bình Dương (Việt Nam)</subfield>
   <subfield code="x">Lịch sử</subfield>
   <subfield code="y">1975-2003; Bình Dương (Việt Nam)</subfield>
   <subfield code="x">Giáo dục</subfield>
   <subfield code="x">Lịch sử phát triển</subfield>
   <subfield code="y">1975-2003</subfield>
  </datafield>
  <datafield tag="856" ind1=" " ind2=" ">
   <subfield code="u">http://lrc.tdmu.edu.vn/opac/search/detail.asp?aID=2&amp;ID=30764</subfield>
  </datafield>
  <datafield tag="980" ind1=" " ind2=" ">
   <subfield code="a">Trung tâm Học liệu Trường Đại học Thủ Dầu Một</subfield>
  </datafield>
 </record>
</collection>
